000 00282nam a22001337a 4500
008 181016b xxu||||| |||| 00| 0 eng d
020 _a9780205985609
041 _aeng
080 _a316
100 _a50
101 _aSOC
245 _aSociology
_cMacionis, J.J
942 _2udc
_cBK
999 _c49934
_d49934